00652nam a2200181Ia 4500003000900000008004100009020001800050040001600068080002300084100003100107245009800138260003700236300001400273650002800287942000700315999001700322952013100339IN-BaIIA211028s9999 xx 000 0 eng d a0-7923-3374-8 cIIA Library a52(082.1)bASS-199 aTandberg-Hanssen, E919577 4athe nature of solar prominencescHanssen, E Tandberg  aDordrechtbKluwer Academicc1995 axv, 308p. aSolar prominences93374 cBK c11380d11380 00104070aBANbBANcGENd1995-09-25g4036.50l0o52(082.1)/ ASS-199p12295r2021-11-05v4036.50w1995-09-25yBKGRs. 4036.50